ALL One Direction Songs - Statistics

General Stats
  • This quiz has been taken 2,731 times
  • The average score is 60 of 91
Answer Stats
Track # Song % Correct
1 What Makes You Beautiful
95%
4 Midnight Memories
91%
3 Perfect
90%
5 Up All Night
88%
7 Night Changes
86%
2 Kiss You
85%
1 One Way or Another (Teenage Kicks)
85%
1 Best Song Ever
84%
2 Drag Me Down
84%
13 History
84%
3 One Thing
82%
2 Story of My Life
82%
17 A.M
81%
3 Diana
81%
3 Little Things
81%
1 Steal My Girl
81%
1 Live While We're Young
80%
9 Olivia
80%
5 You & I
79%
9 I Want
78%
10 Little Black Dress
76%
4 18
75%
2 Gotta Be You
75%
8 No Control
74%
16 Wolves
74%
7 Rock Me
72%
11 Stockholm Syndrome
72%
13 Little White Lies
70%
9 I Would
69%
12 Clouds
68%
1 Home
68%
17 Na Na Na
68%
9 Fireproof
67%
6 Fool's Gold
67%
4 Infinity
67%
6 I Wish
67%
3 Where Do Broken Hearts Go
67%
7 Strong
66%
16 Act My Age
65%
13 Change Your Ticket
65%
15 Moments
65%
8 Taken
65%
4 C'mon, C'mon
64%
9 Right Now
64%
13 Summer Love
63%
5 Girl Almighty
62%
8 Happily
62%
1 Hey Angel
62%
6 If I Could Fly
62%
4 More Than This
62%
12 They Don't Know About Us
62%
15 Walking in the Wind
62%
6 Don't Forget Where You Belong
61%
12 I Want to Write You a Song
61%
5 Last First Kiss
61%
11 Love You Goodbye
61%
10 Over Again
61%
18 Half a Heart
60%
14 Better Than Words
59%
2 Ready to Run
59%
10 Spaces
59%
17 Alive
58%
5 End of the Day
58%
19 Magic
58%
14 She's Not Afraid
58%
14 Temporary Fix
58%
11 Through the Dark
58%
6 Heart Attack
57%
8 Never Enough
56%
16 Does He Know?
55%
7 Long Way Down
55%
18 Truly Madly Deeply
55%
14 Illusion
54%
20 Irresistible
54%
11 Same Mistakes
54%
8 Change My Mind
53%
12 Save You Tonight
53%
13 Stole My Heart
53%
7 Tell Me a Lie
53%
10 What a Feeling
53%
12 Something Great
52%
15 Once in a Lifetime
51%
16 Another World
50%
11 Back For You
50%
15 Why Don't We Go There
50%
18 I Should Have Kissed You
49%
16 Nobody Compares
49%
10 Everything About You
48%
15 Loved You First
48%
14 Stand Up
48%
17 Still The One
46%
No matching quizzes found
Score Distribution
Percent of People with Each Score
Percentile by Number Answered
Your Score History
You have not taken this quiz